[Event "C.to Provinciale NA"]
[Site "Napoli ITA"]
[Date "2012.12.06"]
[Round "3"]
[White "Gallina, Giacomo"]
[Black "Baccelliere, Antonio"]
[WhiteElo "1705"]
[BlackElo "1434"]
[Result "1-0"]
[PlyCount "63"]
[EventDate "2012.11.22"]

1. e4 e5 2. Nc3 Nf6 3. Bc4 Nxe4 4. Bxf7+ Kxf7 5. Nxe4 d5 6. Qf3+ Kg8 7. Ng3 Be6
8. d3 Qf6 9. Qe2 Bc5 10. Be3 Bxe3 11. Qxe3 Nc6 12. N1e2 Re8 13. O-O Nd4 14.
Nxd4 exd4 15. Qd2 h6 16. Qa5 Kh7 17. Rae1 Qf7 18. b3 b6 19. Qa6 Ra8 20. Re2
Rhe8 21. Rfe1 Bd7 22. Rxe8 Rxe8 23. Re2 Ra8 24. Qb7 Qg8 25. Qxc7 Be6 26. Qe5
Re8 27. Qxd4 Bf7 28. Qg4 Rxe2 29. Qxe2 d4 30. Qe4+ Bg6 31. Qxd4 Qe6 32. Ne4 1-0

[Event "C.to Provinciale NA"]
[Site "Napoli ITA"]
[Date "2012.12.02"]
[Round "3"]
[White "Gallo, Thomas Renato"]
[Black "Di Gennaro, Antonio"]
[WhiteElo "1893"]
[BlackElo "1666"]
[Result "1-0"]
[PlyCount "79"]
[EventDate "2012.11.22"]

1. d4 d5 2. Bf4 Nf6 3. Nf3 c5 4. e3 Nc6 5. c3 Qb6 6. Qb3 c4 7. Qxb6 axb6 8. Na3
Bf5 9. Nb5 Ra5 10. Na3 e6 11. Be2 Bxa3 12. bxa3 Rxa3 13. O-O h6 14. Rfc1 Kd7
15. Ne5+ Nxe5 16. Bxe5 Ne8 17. f3 f6 18. Bg3 b5 19. Bd1 Nc7 20. Bc2 Bxc2 21.
Rxc2 Rha8 22. Be1 R3a4 23. e4 Re8 24. Kf2 g5 25. g4 h5 26. gxh5 Rh8 27. Kg3
Rxh5 28. Kg4 Rh7 29. Bg3 Ra8 30. Rb1 Rah8 31. Rcb2 Rh5 32. a4 dxe4 33. fxe4
R5h7 34. axb5 Ra8 35. Rb4 f5+ 36. exf5 exf5+ 37. Kxf5 Nd5 38. Rxc4 Ne3+ 39. Kg6
Nxc4 40. Kxh7 1-0

[Event "C.to Provinciale NA"]
[Site "Napoli ITA"]
[Date "2012.12.06"]
[Round "3"]
[White "Longobardi, Giuseppe"]
[Black "Ambrosio, Giuseppe"]
[WhiteElo "2036"]
[BlackElo "2084"]
[Result "0-1"]
[PlyCount "72"]
[EventDate "2012.11.22"]

1. Nf3 g6 2. c4 c5 3. Nc3 Nc6 4. g3 Bg7 5. Bg2 e5 6. d3 Nge7 7. h4 h6 8. Bd2 d6
9. Nd5 Rb8 10. Nxe7 Qxe7 11. Bc3 O-O 12. Nd2 f5 13. Bd5+ Be6 14. Bxe6+ Qxe6 15.
Qc2 b5 16. cxb5 Rxb5 17. e3 d5 18. Qa4 Rfb8 19. Nb3 Nd4 20. O-O Nxb3 21. axb3
R8b7 22. d4 cxd4 23. exd4 e4 24. Qa6 R5b6 25. Qe2 Rxb3 26. Ra6 R3b6 27. Rfa1
Qd7 28. R1a4 Bf8 29. Qe1 Bd6 30. Kh2 f4 31. Qd1 f3 32. Qa1 Qg4 33. Rxb6 Rxb6
34. Rxa7 Qxh4+ 35. Kg1 Bxg3 36. Ra8+ Rb8 0-1

[Event "C.to Provinciale NA"]
[Site "Napoli ITA"]
[Date "2012.12.06"]
[Round "3"]
[White "Miccoli, Livio"]
[Black "Capozzoli, Silvio"]
[WhiteElo "1616"]
[BlackElo "1860"]
[Result "1/2-1/2"]
[PlyCount "71"]
[EventDate "2012.11.22"]

1. e4 d5 2. exd5 Qxd5 3. Nc3 Qd6 4. Nf3 Nf6 5. Bc4 Be6 6. Bxe6 Qxe6+ 7. Qe2
Qxe2+ 8. Nxe2 Nc6 9. a3 h6 10. d4 e6 11. O-O g5 12. b3 g4 13. Nd2 O-O-O 14. Bb2
Bg7 15. Rad1 Nh5 16. Ne4 f5 17. Nc5 Rhe8 18. f4 Nf6 19. Rd3 b6 20. Na4 Ne4 21.
Rfd1 h5 22. Nac3 Nd6 23. R1d2 h4 24. d5 exd5 25. Rxd5 Bxc3 26. Bxc3 Ne4 27.
Rxd8+ Nxd8 28. Rd1 Nxc3 29. Nxc3 c6 30. Kf2 Kc7 31. Re1 Rxe1 32. Kxe1 Ne6 33.
Ne2 c5 34. c4 a6 35. Kd2 Kc6 36. Kd3 1/2-1/2

[Event "C.to Provinciale NA"]
[Site "Napoli ITA"]
[Date "2012.12.06"]
[Round "3"]
[White "Schiappoli, Dario"]
[Black "De Rosa, Francesco"]
[WhiteElo "1904"]
[BlackElo "1933"]
[Result "1-0"]
[PlyCount "79"]
[EventDate "2012.11.22"]

1. e4 c5 2. Nf3 d6 3. d4 cxd4 4. Nxd4 Nf6 5. Nc3 g6 6. Be3 Bg7 7. f3 a6 8. Qd2
Nbd7 9. Bh6 Bxh6 10. Qxh6 b5 11. O-O-O Bb7 12. h4 Rc8 13. h5 Ne5 14. hxg6 fxg6
15. g3 Qa5 16. Ne6 Rxc3 17. bxc3 Qxc3 18. Bd3 Nxf3 19. Kb1 Ne5 20. Rhf1 Nc4 21.
Bxc4 bxc4 22. e5 Be4 23. Nd4 dxe5 24. Rxf6 exd4 25. Rf2 Qb4+ 26. Ka1 d3 27. Qg7
c3 28. Rb1 dxc2 29. Rxc2 Qxb1+ 30. Kxb1 Bxc2+ 31. Kxc2 Rf8 32. Qxh7 Rf6 33. Qh4
Rf2+ 34. Kxc3 Rxa2 35. Qh8+ Kf7 36. Qh7+ Kf6 37. Qh4+ Kg7 38. Qxe7+ Kh6 39.
Qf8+ Kg5 40. Qf4+ 1-0

[Event "C.to Provinciale NA"]
[Site "Napoli ITA"]
[Date "2012.12.06"]
[Round "3"]
[White "Somma, Andrea"]
[Black "Solombrino, Giovanni"]
[WhiteElo "1863"]
[BlackElo "1838"]
[Result "1/2-1/2"]
[PlyCount "67"]
[EventDate "2012.11.22"]

1. e4 c5 2. Nf3 Nc6 3. d4 cxd4 4. Nxd4 g6 5. Nc3 Bg7 6. Be3 Nf6 7. Bc4 O-O 8.
Bb3 Ng4 9. Qxg4 Nxd4 10. O-O-O Nxb3+ 11. cxb3 d6 12. Qe2 Qa5 13. Rd5 Qc7 14.
Qd2 Be6 15. Rd3 f5 16. f3 fxe4 17. fxe4 Rac8 18. Kb1 Qc6 19. Nd5 Bxd5 20. exd5
Qa6 21. Bd4 Bxd4 22. Rxd4 Rf1+ 23. Rxf1 Qxf1+ 24. Qd1 Qxg2 25. h4 Qf2 26. a3
Qf5+ 27. Ka2 Rc2 28. Rd2 Rxd2 29. Qxd2 Qh5 30. Qd4 Qe5 31. Qc4 h6 32. Qc7 g5
33. hxg5 hxg5 34. Qxb7 1/2-1/2

[Event "C.to Provinciale NA"]
[Site "Napoli ITA"]
[Date "2012.12.06"]
[Round "3"]
[White "Trematerra, Massimiliano"]
[Black "Accardo, Francesco"]
[WhiteElo "1461"]
[BlackElo "1844"]
[Result "0-1"]
[PlyCount "58"]
[EventDate "2012.11.22"]

1. d4 b5 2. c4 bxc4 3. e4 Bb7 4. Nd2 Nh6 5. Bxc4 g6 6. Bd3 Bg7 7. Ne2 f5 8. Qc2
Nc6 9. Qc5 d6 10. Qd5 Qd7 11. O-O e6 12. Qc4 a5 13. d5 exd5 14. exd5 Ne5 15.
Qb3 Nxd3 16. Qxb7 O-O 17. Nf3 Rfb8 18. Qc6 Qe7 19. Bxh6 Bxh6 20. Ned4 Nc5 21.
Rfe1 Ne4 22. Nb5 Rc8 23. Rad1 Qf6 24. Nxc7 Qxb2 25. Rb1 Qxf2+ 26. Kh1 Qa7 27.
Rb7 Nf2+ 28. Kg1 Nh3+ 29. Kh1 Qg1+ 0-1

[Event "C.to Provinciale NA"]
[Site "Napoli ITA"]
[Date "2012.12.13"]
[Round "4"]
[White "Ambrosio, Giuseppe"]
[Black "Di Meo, Antonio"]
[WhiteElo "2084"]
[BlackElo "1928"]
[Result "1-0"]
[PlyCount "43"]
[EventDate "2012.11.22"]

1. d4 b5 2. Nf3 Bb7 3. a4 b4 4. c4 e6 5. Nbd2 f5 6. g3 g5 7. Bg2 Nf6 8. e4 g4
9. Ne5 d6 10. Nd3 fxe4 11. O-O d5 12. Ne5 Rg8 13. a5 Na6 14. Qa4+ Nd7 15. Nc6
Qf6 16. Qb5 Bxc6 17. Qxc6 Nab8 18. Qxa8 Qxd4 19. cxd5 e3 20. fxe3 Qxe3+ 21. Kh1
e5 22. Ne4 1-0

[Event "C.to Provinciale NA"]
[Site "Napoli ITA"]
[Date "2012.12.13"]
[Round "4"]
[White "Baccelliere, Antonio"]
[Black "Farina, Walter"]
[WhiteElo "1434"]
[BlackElo "1639"]
[Result "1/2-1/2"]
[PlyCount "67"]
[EventDate "2012.11.22"]

1. e4 c5 2. Nf3 d6 3. d4 cxd4 4. Nxd4 Nf6 5. Nc3 a6 6. Bc4 e6 7. Bg5 Nbd7 8.
O-O Ne5 9. Bb3 h6 10. Bh4 Be7 11. f4 Ng6 12. Bg3 Qa5 13. f5 exf5 14. exf5 Ne5
15. Bxe5 Qxe5 16. Qd3 Ng4 17. g3 Qe3+ 18. Qxe3 Nxe3 19. Rf3 Ng4 20. Re1 Ne5 21.
Rfe3 O-O 22. Nd5 Bd8 23. Rf1 Nc6 24. Nxc6 bxc6 25. Ne7+ Kh7 26. Nxc8 Rxc8 27.
Kg2 Bf6 28. c3 Rc7 29. h4 Be5 30. Bc4 a5 31. Bd3 Kg8 32. Rf2 Rb8 33. Rd2 Rcb7
34. Ree2 1/2-1/2

[Event "C.to Provinciale NA"]
[Site "Napoli ITA"]
[Date "2012.12.13"]
[Round "4"]
[White "Borrelli, Salvatore"]
[Black "Esposito, Rosario"]
[WhiteElo "1937"]
[BlackElo "1830"]
[Result "0-1"]
[PlyCount "118"]
[EventDate "2012.11.22"]

1. f4 e6 2. Nf3 g6 3. e3 Bg7 4. Be2 Ne7 5. O-O b6 6. d3 Bb7 7. c3 c5 8. e4 O-O
9. Na3 d5 10. Qc2 Nbc6 11. Bd2 d4 12. Nc4 b5 13. Nce5 Qc7 14. Nxc6 Nxc6 15. Ng5
dxc3 16. bxc3 b4 17. e5 Rac8 18. Ne4 Rfd8 19. Nd6 Rxd6 20. exd6 Qxd6 21. Rab1
Ba8 22. Rfe1 bxc3 23. Bxc3 Nd4 24. Bxd4 Bxd4+ 25. Kh1 Qxf4 26. Rf1 Qh6 27. Qc1
Be3 28. Qe1 Bf4 29. Rxf4 Qxf4 30. Rc1 Qa4 31. Qd2 Bd5 32. Rc2 Qc6 33. Bd1 Qd7
34. Qf2 Qe7 35. Rb2 c4 36. dxc4 Bxc4 37. Rc2 Rd8 38. Bf3 Bd5 39. Rb2 Bxf3 40.
Qxf3 Qd7 41. Rf2 Qd1+ 42. Rf1 Qxf3 43. gxf3 Rd2 44. Ra1 e5 45. a4 a5 46. Rc1
Rd4 47. Ra1 f5 48. Kg2 Kf7 49. Ra3 Ke6 50. Kf2 e4 51. fxe4 fxe4 52. Ke3 Ke5 53.
Ra2 Rd3+ 54. Ke2 Kd4 55. Rb2 Ra3 56. Rb7 Ra2+ 57. Ke1 Rxh2 58. Rb5 Rh5 59. Rb8
Ke3 0-1

[Event "C.to Provinciale NA"]
[Site "Napoli ITA"]
[Date "2012.12.13"]
[Round "4"]
[White "De Rosa, Francesco"]
[Black "Miccoli, Livio"]
[WhiteElo "1933"]
[BlackElo "1616"]
[Result "1-0"]
[PlyCount "71"]
[EventDate "2012.11.22"]

1. e4 e6 2. d3 Nf6 3. Nf3 d6 4. g3 g6 5. Bg2 Bg7 6. c4 c5 7. O-O O-O 8. Nc3 Nc6
9. d4 a6 10. d5 Ne7 11. Qe2 Re8 12. dxe6 fxe6 13. e5 dxe5 14. Nxe5 Qc7 15. Nd3
Nf5 16. Bf4 Qe7 17. Qe5 Nd7 18. Qc7 Rb8 19. Nxc5 e5 20. Nxd7 Bxd7 21. Bd5+ Kh8
22. Be3 Nxe3 23. fxe3 Rec8 24. Qb6 Bh3 25. Rf7 Qg5 26. Ne4 Qd8 27. Qxd8+ Rxd8
28. Ng5 Bf5 29. e4 Bd7 30. Re7 Be8 31. Rf1 Rd7 32. Nf7+ Kg8 33. Nd8+ Rxd5 34.
Rxe8+ Bf8 35. Rfxf8+ Kg7 36. cxd5 1-0

[Event "C.to Provinciale NA"]
[Site "Napoli ITA"]
[Date "2012.12.13"]
[Round "4"]
[White "Di Gennaro, Antonio"]
[Black "Russo Spena, Vincenzo"]
[WhiteElo "1666"]
[BlackElo "1485"]
[Result "1/2-1/2"]
[PlyCount "82"]
[EventDate "2012.11.22"]

1. e4 g6 2. d4 Bg7 3. Nf3 d6 4. c3 Nd7 5. Bd3 c5 6. h3 b6 7. O-O Bb7 8. Re1 e5
9. d5 Ngf6 10. Nbd2 O-O 11. Nf1 Qc7 12. Ng3 c4 13. Bc2 b5 14. Bd2 Rfe8 15. a4
a6 16. Qe2 Nc5 17. Reb1 Qd7 18. Qd1 a5 19. axb5 Qxb5 20. Be3 Nb3 21. Bxb3 cxb3
22. Nd2 a4 23. Ra3 Qd3 24. Rc1 Qb5 25. c4 Qd7 26. Rc3 Rec8 27. Ra1 Ba6 28. c5
dxc5 29. Rxc5 Bf8 30. Rxc8 Rxc8 31. Rc1 Bd6 32. Bg5 Kg7 33. Nb1 Bc5 34. Nc3 Bd4
35. Bxf6+ Kxf6 36. Nge2 Bxe2 37. Qxe2 Ra8 38. Ra1 Bxc3 39. Qf3+ Kg7 40. Qxc3 f6
41. Qb4 Ra7 1/2-1/2

[Event "C.to Provinciale NA"]
[Site "Napoli ITA"]
[Date "2012.12.13"]
[Round "4"]
[White "Esposito, Pino"]
[Black "Somma, Andrea"]
[WhiteElo "1804"]
[BlackElo "1863"]
[Result "0-1"]
[PlyCount "72"]
[EventDate "2012.11.22"]

1. d4 d5 2. c4 c6 3. Nf3 Nf6 4. Nc3 e6 5. e3 Bd6 6. Bd3 Nbd7 7. O-O e5 8. cxd5
cxd5 9. dxe5 Nxe5 10. h3 Nxd3 11. Qxd3 O-O 12. Rd1 Be6 13. b3 a6 14. Bb2 Qd7
15. Nd4 Bxh3 16. e4 Be6 17. exd5 Bxd5 18. Nxd5 Nxd5 19. Nf5 Rad8 20. Bxg7 Rfe8
21. Kf1 Nf4 22. Qxd6 Qxf5 23. Qf6 Rxd1+ 24. Rxd1 Qb5+ 25. Kg1 Nh5 26. Qd4 Nxg7
27. Qg4 Qf5 28. Qg3 Qc2 29. Rd4 Qxa2 30. Rg4 Qa1+ 31. Kh2 Qe5 32. f4 Qh5+ 33.
Rh4 Qg6 34. Rg4 Qf6 35. f5 Kh8 36. Rg5 Qe5 0-1

[Event "C.to Provinciale NA"]
[Site "Napoli ITA"]
[Date "2012.12.13"]
[Round "4"]
[White "Messina, Enrico"]
[Black "Schiappoli, Dario"]
[WhiteElo "2225"]
[BlackElo "1904"]
[Result "1-0"]
[PlyCount "67"]
[EventDate "2012.11.22"]

1. e4 c5 2. d4 cxd4 3. c3 d3 4. Bxd3 Nc6 5. c4 g6 6. Nf3 Bg7 7. O-O d6 8. h3
Nf6 9. Nc3 Bd7 10. Be3 h5 11. Qd2 Qc8 12. Ng5 Nh7 13. Rfe1 Nxg5 14. Bxg5 Bxh3
15. gxh3 Qxh3 16. Re3 Qe6 17. Nd5 Rc8 18. Bf1 Ne5 19. Bh3 Ng4 20. Rb3 b6 21. f3
Be5 22. fxg4 hxg4 23. Bg2 f6 24. Bf4 Kf7 25. Bxe5 Qxe5 26. Nf4 Qc5+ 27. Qe3
Qxc4 28. Rc3 Qa4 29. Rxc8 Rxc8 30. Qb3+ Qc4 31. Bf1 Qxb3 32. axb3 a5 33. Bc4+
Kg7 34. Ne6+ 1-0

[Event "C.to Provinciale NA"]
[Site "Napoli ITA"]
[Date "2012.12.13"]
[Round "4"]
[White "Taurisano, Vincenzo"]
[Black "Auletta, Angelo"]
[WhiteElo "1851"]
[BlackElo "2190"]
[Result "0-1"]
[PlyCount "80"]
[EventDate "2012.11.22"]

1. Nf3 c5 2. c4 Nc6 3. Nc3 g6 4. g3 Bg7 5. Bg2 Nf6 6. O-O O-O 7. e4 Ne8 8. d3
d6 9. Rb1 a6 10. Qe2 b5 11. Be3 b4 12. Nd5 e6 13. Nf4 a5 14. h4 h6 15. Qd2 Kh7
16. Rfe1 Bb7 17. Bh3 Nd4 18. Bxd4 cxd4 19. Ne2 Qb6 20. h5 g5 21. Nh2 f5 22.
exf5 Qc6 23. f3 exf5 24. Nf4 gxf4 25. Qxf4 Qd7 26. Re2 Be5 27. Qh4 Qd8 28. Qxd8
Rxd8 29. f4 Bg7 30. Re7 Bc6 31. Rbe1 Kg8 32. Kf2 Bf6 33. Ra7 Ng7 34. Nf3 Bxf3
35. Kxf3 Rfe8 36. Re2 Re3+ 37. Rxe3 dxe3 38. Rxa5 Re8 39. Bf1 Bxb2 40. Ra6 Ne6
0-1

[Event "C.to Provinciale NA"]
[Site "Napoli ITA"]
[Date "2012.12.13"]
[Round "4"]
[White "Zinnai, Graziano Matteo"]
[Black "Solombrino, Giovanni"]
[WhiteElo "2034"]
[BlackElo "1838"]
[Result "1/2-1/2"]
[PlyCount "123"]
[EventDate "2012.11.22"]

1. e4 c5 2. Nf3 Nc6 3. d3 d6 4. c3 g6 5. g3 Bg7 6. Bg2 Nf6 7. O-O O-O 8. Nbd2
Rb8 9. a4 b6 10. Re1 Bb7 11. Nc4 Nd7 12. Bf4 Nde5 13. Ncxe5 Nxe5 14. Nxe5 Bxe5
15. Bh6 Bg7 16. Bxg7 Kxg7 17. Qg4 e6 18. f4 h5 19. Qe2 Re8 20. Qf2 d5 21. e5
Qd7 22. a5 Qb5 23. axb6 axb6 24. d4 Ra8 25. h3 Rxa1 26. Rxa1 Ra8 27. Rxa8 Bxa8
28. g4 hxg4 29. hxg4 cxd4 30. cxd4 Qd3 31. Kh2 Bc6 32. f5 gxf5 33. gxf5 Qxf5
34. Qxf5 exf5 35. Kg3 Kg6 36. Kf4 Bb7 37. Bf1 Bc8 38. Bb5 Be6 39. Bc6 Kh6 40.
Be8 Kg6 41. b3 Kh6 42. Bxf7 Bxf7 43. Kxf5 Kg7 44. e6 Bg6+ 45. Ke5 Be4 46. Kd6
Kf8 47. Kd7 Bf5 48. b4 b5 49. Kd6 Be4 50. Kc5 Ke7 51. Kxb5 Kxe6 52. Kc6 Ke7 53.
Kc7 Bd3 54. Kc6 Bc4 55. Kc7 Bd3 56. Kc6 Bc4 57. b5 Kd8 58. Kd6 Kc8 59. Kc6 Kb8
60. Kb6 Bd3 61. Kc6 Bc4 62. Kb6 1/2-1/2

[Event "C.to Provinciale NA"]
[Site "Napoli ITA"]
[Date "2012.12.20"]
[Round "5"]
[White "Auletta, Angelo"]
[Black "Esposito, Rosario"]
[WhiteElo "2190"]
[BlackElo "1830"]
[Result "1-0"]
[PlyCount "81"]
[EventDate "2012.11.22"]

1. e4 c5 2. Nf3 e6 3. d4 cxd4 4. Nxd4 Nc6 5. Nc3 Qc7 6. g3 a6 7. Bg2 Nf6 8. O-O
Be7 9. a4 O-O 10. Nb3 d6 11. a5 b6 12. axb6 Qxb6 13. Be3 Qc7 14. e5 dxe5 15.
Nb5 axb5 16. Rxa8 Bb7 17. Rxf8+ Kxf8 18. Qe2 Nb4 19. Bxb7 Qxb7 20. c3 Nbd5 21.
Bc5 Nd7 22. Bxe7+ Kxe7 23. Ra1 Qc6 24. Ra5 Qc4 25. Qxc4 bxc4 26. Nc5 N7b6 27.
Ra7+ Kf6 28. Nd7+ Nxd7 29. Rxd7 e4 30. Kf1 h5 31. Rd6 g5 32. Rc6 g4 33. Rxc4 e3
34. Rc5 exf2 35. Kxf2 Ke5 36. Ke2 Kd6 37. Ra5 f5 38. c4 Nc7 39. b4 e5 40. Ke3
Ne6 41. Rd5+ 1-0

[Event "C.to Provinciale NA"]
[Site "Napoli ITA"]
[Date "2012.12.20"]
[Round "5"]
[White "Farina, Walter"]
[Black "Di Gennaro, Antonio"]
[WhiteElo "1639"]
[BlackElo "1666"]
[Result "0-1"]
[PlyCount "114"]
[EventDate "2012.11.22"]

1. b3 e5 2. Bb2 Nc6 3. e3 Nf6 4. Na3 d5 5. Ne2 a6 6. d4 Bd6 7. c4 Bb4+ 8. Nc3
exd4 9. exd4 Qe7+ 10. Qe2 Nxd4 11. Qxe7+ Kxe7 12. O-O-O Bxc3 13. Bxc3 c5 14.
cxd5 Nxd5 15. Bxd4 cxd4 16. Rxd4 Be6 17. Bc4 Rac8 18. Kb2 Rhd8 19. Re1 Nc7 20.
Bxe6 Nxe6 21. Rxd8 Rxd8 22. Nc4 b5 23. Ne5 Rd2+ 24. Ka3 Rxf2 25. Nc6+ Kf6 26.
Nb8 a5 27. b4 axb4+ 28. Kxb4 Rxa2 29. Rf1+ Kg6 30. Nc6 f6 31. Ne7+ Kf7 32. Nf5
Rxg2 33. h4 h5 34. Kxb5 Rg4 35. Kb6 Nd4 36. Nd6+ Kg6 37. Rh1 Nf3 38. Kc5 Nxh4
39. Kd5 f5 40. Re1 Nf3 41. Re6+ Kg5 42. Nf7+ Kh4 43. Nd6 g6 44. Nc4 Kh3 45. Re3
Rg3 46. Re6 h4 47. Ne3 f4 48. Nc4 Kh2 49. Nd6 Rg2 50. Rf6 g5 51. Ke4 Nd2+ 52.
Kd3 f3 53. Ke3 g4 54. Rf4 h3 55. Nf5 Re2+ 56. Kd3 g3 57. Nh4 g2 0-1

[Event "C.to Provinciale NA"]
[Site "Napoli ITA"]
[Date "2012.12.20"]
[Round "5"]
[White "Gallina, Giacomo"]
[Black "Angelotti, Mario"]
[WhiteElo "1705"]
[BlackElo "1757"]
[Result "1-0"]
[PlyCount "103"]
[EventDate "2012.11.22"]

1. e4 e6 2. d3 b6 3. Nd2 d5 4. g3 dxe4 5. dxe4 e5 6. Ngf3 Bd6 7. Bd3 Bb7 8. Nc4
Nd7 9. O-O Qe7 10. a4 h6 11. Nh4 g6 12. a5 Ngf6 13. Nxd6+ cxd6 14. axb6 axb6
15. Rxa8+ Bxa8 16. Re1 Qe6 17. b3 Qh3 18. Bf1 Qe6 19. Bc4 Qh3 20. f3 Ke7 21.
Be3 Nh5 22. Bf2 Nc5 23. g4 Nf4 24. Bf1 Nxe4 25. Bxh3 Nxh3+ 26. Kf1 Nexf2 27.
Qd4 Re8 28. Qxb6 Ke6 29. Re2 Rc8 30. c4 Nd3 31. Re3 Nhf4 32. Ng2 Rc6 33. Qa7
Rc8 34. Nxf4+ Nxf4 35. Qd4 g5 36. Qb6 Rc5 37. Qa6 Bc6 38. b4 Bb5 39. cxb5 Rc1+
40. Re1 Rc3 41. Qa2+ Ke7 42. Qf2 Nd3 43. Qd2 Ra3 44. Rd1 d5 45. b6 Nf4 46. b7
Rxf3+ 47. Kg1 e4 48. b8=Q Nh3+ 49. Kg2 Nf4+ 50. Kh1 Ke6 51. Qe8+ Kf6 52. Qd4+
1-0

[Event "C.to Provinciale NA"]
[Site "Napoli ITA"]
[Date "2012.12.20"]
[Round "5"]
[White "Gallo, Thomas Renato"]
[Black "Caiazzo, Diego"]
[WhiteElo "1893"]
[BlackElo "1845"]
[Result "1-0"]
[PlyCount "95"]
[EventDate "2012.11.22"]

1. e4 c5 2. Nf3 e6 3. c3 Nc6 4. Be2 d6 5. d4 cxd4 6. cxd4 Nf6 7. Nc3 a6 8. O-O
Be7 9. Bg5 h6 10. Bh4 O-O 11. a3 b5 12. Qd3 Bb7 13. Rfe1 Nh5 14. Bxe7 Nxe7 15.
g3 Nf6 16. Rac1 Rc8 17. Bf1 Qa5 18. Nd2 Rfd8 19. Bg2 Qb6 20. d5 exd5 21. exd5
Ng6 22. Nf3 Re8 23. Qf5 Ne7 24. Qd3 Nexd5 25. Rxe8+ Rxe8 26. Nxd5 Bxd5 27. Nh4
Bc4 28. Qf3 Be2 29. Qc6 Qd4 30. Nf5 Qxb2 31. Nxd6 Re7 32. Re1 Qd2 33. Rc1 Bc4
34. Ra1 Re1+ 35. Bf1 Rxa1 36. Qc8+ Kh7 37. Nxc4 Qd3 38. Ne3 Ng4 39. Qxg4 Qxa3
40. Qf5+ Kg8 41. Qe5 Ra2 42. Nf5 Qb2 43. Qc5 Qf6 44. Bd3 Rd2 45. Ne7+ Qxe7 46.
Qxe7 Rxd3 47. Qe8+ Kh7 48. Qe4+ 1-0

[Event "C.to Provinciale NA"]
[Site "Napoli ITA"]
[Date "2012.12.20"]
[Round "5"]
[White "Miccoli, Livio"]
[Black "Zinnai, Graziano Matteo"]
[WhiteElo "1616"]
[BlackElo "2034"]
[Result "0-1"]
[PlyCount "100"]
[EventDate "2012.11.22"]

1. e4 e6 2. d4 d5 3. Nd2 Nf6 4. e5 Nfd7 5. Bd3 c5 6. c3 Nc6 7. Ne2 Be7 8. O-O
O-O 9. Nf3 f6 10. Nf4 Ndxe5 11. Nxe5 fxe5 12. dxe5 Nxe5 13. Re1 Nxd3 14. Qxd3
Qd6 15. Qe3 Bg5 16. g3 Bxf4 17. gxf4 Bd7 18. Bd2 Rf6 19. Qe5 Qc6 20. Re3 Rg6+
21. Rg3 Rxg3+ 22. fxg3 Qb6 23. b3 a5 24. Re1 Rf8 25. g4 Qd8 26. h3 Qh4 27. Kg2
d4 28. Rf1 h5 29. Be1 Bc6+ 30. Kh2 Qf6 31. Qxc5 hxg4 32. hxg4 Qh6+ 33. Kg3 dxc3
34. Bxc3 Rd8 35. Qe3 Bb5 36. Rf3 Rd3 37. Qe1 Rxf3+ 38. Kxf3 Qh3+ 39. Qg3 Qh1+
40. Kf2 Qf1+ 41. Ke3 Qd3+ 42. Kf2 Qe2+ 43. Kg1 Qf1+ 44. Kh2 Bc6 45. Qg1 Qxf4+
46. Kh3 Qf3+ 47. Qg3 Qf1+ 48. Kh4 Qh1+ 49. Qh3 g5+ 50. Kg3 Qf3+ 0-1

[Event "C.to Provinciale NA"]
[Site "Napoli ITA"]
[Date "2012.12.20"]
[Round "5"]
[White "Russo Spena, Vincenzo"]
[Black "De Rosa, Francesco"]
[WhiteElo "1485"]
[BlackElo "1933"]
[Result "0-1"]
[PlyCount "44"]
[EventDate "2012.11.22"]

1. Nf3 c5 2. c4 Nc6 3. e4 d6 4. Nc3 g6 5. d4 cxd4 6. Nxd4 Bg7 7. Be3 Nf6 8. Be2
O-O 9. O-O Ng4 10. Bxg4 Bxg4 11. f3 Be6 12. Nxe6 fxe6 13. Rc1 Rc8 14. a3 Qa5
15. Qa4 Bxc3 16. Qb3 Bd4 17. Bxd4 Nxd4 18. Qd3 Qc5 19. Kh1 b5 20. Rfd1 e5 21.
h4 bxc4 22. Qc3 Ne2 0-1

[Event "C.to Provinciale NA"]
[Site "Napoli ITA"]
[Date "2012.12.20"]
[Round "5"]
[White "Solombrino, Giovanni"]
[Black "Accardo, Francesco"]
[WhiteElo "1838"]
[BlackElo "1844"]
[Result "0-1"]
[PlyCount "70"]
[EventDate "2012.11.22"]

1. e4 a6 2. d4 b5 3. Bd3 Bb7 4. Nf3 e6 5. O-O Be7 6. Qe2 d6 7. c4 b4 8. b3 a5
9. Bb2 Nd7 10. Nbd2 h5 11. e5 dxe5 12. Nxe5 Ndf6 13. Rfe1 Nh6 14. Ndf3 O-O 15.
Ng5 a4 16. Nexf7 Nxf7 17. Nxe6 Qd6 18. Nxf8 Bxf8 19. d5 Ng4 20. g3 Ng5 21. h4
Nh3+ 22. Kg2 Nhxf2 23. Bf5 c6 24. Be6+ Kh8 25. Bxg4 Nxg4 26. Qe6 cxd5 27. Qxd6
dxc4+ 28. Kf1 Bxd6 29. bxc4 Rf8+ 30. Ke2 Rf2+ 31. Kd3 Rxb2 32. Re6 Bxg3 33. c5
Bd5 34. Re8+ Kh7 35. Kd4 Rd2# 0-1

[Event "C.to Provinciale NA"]
[Site "Napoli ITA"]
[Date "2012.12.20"]
[Round "5"]
[White "Somma, Erminio"]
[Black "Baccelliere, Antonio"]
[WhiteElo "1607"]
[BlackElo "1434"]
[Result "1/2-1/2"]
[PlyCount "88"]
[EventDate "2012.11.22"]

1. d4 d5 2. Nf3 Nf6 3. e3 e6 4. Bd3 c5 5. c3 Bd6 6. Nbd2 O-O 7. O-O Nc6 8. Re1
Bd7 9. e4 dxe4 10. Nxe4 Nxe4 11. Bxe4 cxd4 12. Bxh7+ Kxh7 13. Ng5+ Kg6 14. Qd3+
Kf6 15. Nh7+ Ke7 16. Nxf8 Qxf8 17. cxd4 Qh8 18. h3 Kf8 19. d5 Ne5 20. Qd4 Ke7
21. Rxe5 Bxe5 22. Qxe5 f6 23. d6+ Kf7 24. Qc5 Qc8 25. Be3 Qxc5 26. Bxc5 b6 27.
Be3 Rc8 28. Rc1 Rxc1+ 29. Bxc1 e5 30. b3 Bf5 31. a3 Ke6 32. b4 Kxd6 33. g4 Be4
34. g5 Ke6 35. f4 exf4 36. Bxf4 fxg5 37. Bxg5 a5 38. Kf2 axb4 39. axb4 b5 40.
Ke3 Bd5 41. Kd4 Bc4 42. h4 g6 43. Ke4 Kf7 44. Ke5 Bd3 1/2-1/2

[Event "C.to Provinciale NA"]
[Site "Napoli ITA"]
[Date "2012.12.20"]
[Round "5"]
[White "Taurisano, Vincenzo"]
[Black "Messina, Enrico"]
[WhiteElo "1851"]
[BlackElo "2225"]
[Result "0-1"]
[PlyCount "62"]
[EventDate "2012.11.22"]

1. d4 Nf6 2. c4 c5 3. d5 b5 4. e3 Bb7 5. Nf3 e6 6. dxe6 fxe6 7. Nbd2 bxc4 8.
Bxc4 Be7 9. O-O O-O 10. b3 Qc7 11. Bb2 Nc6 12. e4 d5 13. exd5 exd5 14. Bxf6
Bxf6 15. Bxd5+ Kh8 16. Rc1 Rad8 17. Bxc6 Qxc6 18. Qc2 Bg5 19. Rcd1 Rxd2 20.
Rxd2 Rxf3 21. Re2 Rf8 22. f3 Ba6 23. Re5 Bf6 24. Rfe1 Bxe5 25. Rxe5 c4 26. bxc4
Qxc4 27. Qxc4 Bxc4 28. a4 Rd8 29. Kf2 h6 30. Kg3 Rd5 31. Re7 Ra5 0-1

[Event "C.to Provinciale NA"]
[Site "Napoli ITA"]
[Date "2012.12.20"]
[Round "5"]
[White "Trematerra, Massimiliano"]
[Black "Borrelli, Salvatore"]
[WhiteElo "1461"]
[BlackElo "1937"]
[Result "0-1"]
[PlyCount "114"]
[EventDate "2012.11.22"]

1. d4 Nf6 2. c4 g6 3. Nd2 Bg7 4. Nb3 O-O 5. Bf4 d6 6. h3 Qe8 7. g4 Qc6 8. f3
Qxc4 9. e4 Qe6 10. Qc2 c6 11. Bc4 Qd7 12. Bd2 b6 13. g5 Nh5 14. Ne2 d5 15. Bd3
e5 16. Bb4 Re8 17. O-O-O a5 18. Ba3 Ba6 19. exd5 Bxd3 20. Qxd3 b5 21. Bc5 a4
22. dxc6 Nxc6 23. d5 axb3 24. dxc6 Qxd3 25. Rxd3 bxa2 26. Kc2 a1=N+ 27. Rxa1
Rxa1 28. Nc3 Nf4 29. Rd7 Ne6 30. Be7 Nd4+ 31. Kd3 Nxc6 32. Bc5 b4 33. Ne4 Rd1+
34. Nd2 Rd8 35. Ke2 Rxd7 36. Kxd1 Nd4 37. Ke1 Bf8 38. Ne4 Bxc5 39. Nf6+ Kg7 40.
Nxd7 Nxf3+ 41. Kd1 Bd4 42. Kc1 Nxg5 43. h4 Nf3 44. Nb8 Nxh4 45. Nc6 f5 46. Nxb4
Kf6 47. Kd2 Bxb2 48. Nc2 e4 49. Ke2 Nf3 50. Ne3 Ke6 51. Nc2 Nd4+ 52. Nxd4+ Bxd4
53. Kf1 Kd5 54. Ke1 Kc4 55. Kd2 e3+ 56. Kc2 Bc3 57. Kc1 Kd3 0-1

[Event "C.to Provinciale NA"]
[Site "Napoli ITA"]
[Date "2012.12.20"]
[Round "6"]
[White "Accardo, Francesco"]
[Black "Auletta, Angelo"]
[WhiteElo "1844"]
[BlackElo "2190"]
[Result "0-1"]
[PlyCount "76"]
[EventDate "2012.11.22"]

1. e4 c5 2. Nc3 Nc6 3. f4 e6 4. Bc4 a6 5. Nf3 Nf6 6. e5 d5 7. Bd3 Ng8 8. O-O
Nge7 9. Ng5 h5 10. Nb1 c4 11. Be2 Nf5 12. c3 Bc5+ 13. Kh1 h4 14. b4 Ba7 15. Bg4
d4 16. Qe2 d3 17. Qe4 Nce7 18. b5 axb5 19. a4 bxa4 20. Na3 Bd7 21. Qxc4 Bc6 22.
Nb5 Bb6 23. Nd6+ Nxd6 24. exd6 Qxd6 25. Ba3 Qd5 26. Qxd5 Bxd5 27. Rab1 Bc7 28.
c4 Bc6 29. f5 h3 30. Nxh3 Nxf5 31. Bxf5 exf5 32. Rfe1+ Be4 33. Kg1 O-O-O 34.
Ng5 Rde8 35. Nxf7 Rxh2 36. Rxe4 Rxe4 37. Bd6 Rh5 38. c5 Re2 0-1